| 000 | 00384nam a22001337a 4500 | ||
|---|---|---|---|
| 020 | _a0878915486 | ||
| 040 | _cNust | ||
| 082 |
_a658.4034 _bFOG'O |
||
| 100 |
_aDr. M Fogiel _99906 |
||
| 245 | _aThe operation research problem solver | ||
| 260 |
_aNew York: _bResearch and education association, _c1987. |
||
| 650 |
_aThe operation research problem solver _9126921 |
||
| 942 |
_2ddc _cBK |
||
| 999 |
_c612308 _d612308 |
||